Dragonriders of Pern Books Quiz Stats

 Plays Quiz Updated Nov 1, 2018

Challenge
Share
Tweet
Embed
Score 0/26 Timer 08:00
0 Plays Today
Main Character(s) Title % Correct
JaxomThe White Dragon
78.9%
Menolly Dragonsong
75.6%
LessaDragonflight
74%
Menolly, RobintonDragonsinger
69.3%
PiemurDragondrums
67.5%
F'larDragonquest
56.2%
RobintonThe Masterharper of Pern
55.4%
[title character]Moreta: Dragonlady of Pern
53.7%
Paul Benden, Sean ConnellDragonsdawn
51.2%
F'lar, RobintonAll The Weyrs of Pern
48%
Readis, T'lionThe Dolphins of Pern
47.7%
ThellaThe Renegades of Pern
37.5%
[title character]Nerilka's Story
34.2%
Main Character(s) Title % Correct
ChalkinRed Star Rising: Second Chronicles of Pern
33.1%
F'lessan, TaiThe Skies of Pern
30.7%
[short stories]The Chronicles of Pern
27.6%
Kitti Ping, TieranDragonsblood
27.1%
KindanDragon Harper
26%
KindanDragon's Kin
25%
FionaDragongirl
21.8%
FionaDragonheart
21.4%
Cristov, Pella, HallaDragon's Fire
20.8%
[short stories]A Gift of Dragons
16.8%
LoranaDragon's Time
15.5%
XhinnaSky Dragons
9.1%
PiemurDragon's Code
9.1%

You're not logged in!

Compare scores with friends on all Sporcle quizzes.
OR
Log In

You Might Also Like...

Show Comments

Extras

Top Quizzes Today


Score Distribution

Your Account Isn't Verified!

In order to create a playlist on Sporcle, you need to verify the email address you used during registration. Go to your Sporcle Settings to finish the process.

Report this User

Report this user for behavior that violates our Community Guidelines.

Details: